Statistiques concernant Copenhague - Culture générale

Cliquez ici pour prendre le quiz!

Statistiques générales

  • Ce quiz a été pris 369 fois
  • Le résultat moyen est 8 sur 15

Statistiques - réponses

InformationRéponse% Correct
Personnage de conte qui a une célèbre statueLa Petite Sirène
89%
Civilisation nordique ayant fondé la villeVikings
89%
Mer reliée à CopenhagueMer Baltique
82%
Auteur et créateur de ce personnageAndersen
76%
Matériau dans lequel cette statue a été créeBronze
74%
Ville suédoise qui fait face à l'île de CopenhagueMalmö
72%
Pays qui assaillit la ville pour détruire sa flotte en 1807Grande-Bretagne
58%
Roi danois qui mena Copenhague à la gloire au XVIIe{Christian} IV
45%
Commerce qui développa la villePêche
45%
Nom danois de CopenhagueKøbenhavn
35%
Quartier autogéré par une communauté "hippie"Christiania
29%
Pont qui relie Copenhague à cette ville suédoisePont de l'{Øresund}
20%
Plus grande île danoise, où se situe la villeîle de {Seeland}
17%
Quartier réputé pour ses maisons coloréeNyhavn
16%
Château de 1624 au centre villeChâteau de {Rosenborg}
11%

Distribution des résultats

Percentile par nombre de réponses

% des personnes avec chaque résultat

Votre développement - résultats

Vous n’avez pas pris ce quiz